000 00607cam a2200181 4500500
005 20260405004037.0
041 _afre
042 _adc
100 1 0 _aLarmagnac-Matheron, Octave
_eauthor
245 0 0 _aBhagavad-Gita : la sagesse du non-agir
260 _c2020.
500 _a96
690 _aCosmologie
690 _aHindouïsme
690 _aSagesse
786 0 _nPhilosophie magazine - Hors séries | Hors-série Hiver-Pritemps 2020 | HS44 | 2020-04-01 | p. 11-12 | 2104-9246
856 4 1 _uhttps://shs.cairn.info/magazine-philosophie-magazine-2020-hs44-page-11?lang=fr&redirect-ssocas=7080
999 _c2073188
_d2073188